| 000 | 00467nam a22001697a 4500 | ||
|---|---|---|---|
| 005 | 20180818133515.0 | ||
| 010 | _aB-158666 | ||
| 035 | _aB-158666 | ||
| 037 | _bA P H Publishing Corporation | ||
| 082 | _a370.015 | ||
| 100 | _aMahmud, Jafar | ||
| 245 |
_aEducation psychology _cJafar Mahmud |
||
| 260 |
_aNew Delhi _bA P H Publishing Corporation _c2004 |
||
| 300 |
_a249p. _c22cm(hbk) |
||
| 942 |
_2ddc _cEN _h370.15 _mJAF |
||
| 999 |
_c156024 _d156024 |
||